Heaven, Iowa - Fall Out Boy - All Lyrics - Statistics

General Stats
  • This quiz has been taken 6 times
  • The average score is 224 of 339
Answer Stats
Answer % Correct
a
100%
"A
100%
I
100%
oh
100%
6
75%
all
75%
AM,
75%
am,
75%
am?
75%
and
75%
And
75%
are
75%
baby,
75%
bottle
75%
checking
75%
cheek,
75%
darkness
75%
dream
75%
First
75%
for
75%
forever
75%
Half
75%
half
75%
Here
75%
I'm
75%
inside
75%
Is
75%
is
75%
Kiss
75%
later
75%
later,
75%
love
75%
lovers,
75%
me
75%
me,
75%
movement,
75%
my
75%
myself
75%
of
75%
out
75%
please
75%
read
75%
saving
75%
Scar-crossed
75%
so
75%
the
75%
The
75%
this
75%
untouched
75%
up
75%
up,
75%
we
75%
when
75%
who
75%
wine
75%
Would
75%
you
75%
your
75%
anything
50%
ask
50%
Be
50%
been
50%
Born"
50%
but
50%
But
50%
careful
50%
chemistry
50%
closed
50%
comes
50%
death"
50%
down,
50%
down
50%
dreams,
50%
Drive
50%
ends
50%
eulogy?
50%
Except
50%
eyes
50%
floor
50%
found
50%
glow
50%
hooked
50%
it
50%
life
50%
mess
50%
Moonlight
50%
Mulholland
50%
never
50%
on
50%
party
50%
say,
50%
screwtop
50%
see
50%
seems
50%
Shake
50%
shake
50%
Star
50%
still
50%
sunbeam
50%
sweet
50%
Tell
50%
things
50%
to
50%
Twice
50%
what
50%
will
50%
Will
50%
you're
50%
At
25%
breath
25%
don't
25%
feel
25%
gone
25%
how
25%
I've
25%
know
25%
least
25%
like
25%
mirror,
25%
miss
25%
much
25%
"Save
25%
Sonata
25%
Talking
25%
they
25%
they'll
25%
unspooled
25%
until
25%
yeah
25%
No matching quizzes found
Score Distribution
Percent of People with Each Score
Percentile by Number Answered
Your Score History
You have not taken this quiz